[Event "Agosto de Victorias tt"]
[Site "Mayabeque"]
[Date "2018.08.08"]
[Round "9.1"]
[White "Yanes Canizares, Alejandro"]
[Black "Hernandez Copin, Elvis"]
[Result "1-0"]
[WhiteElo "2283"]
[BlackElo "2246"]
[PlyCount "79"]
[EventDate "2018.08.04"]
[EventType "team-tourn"]
[EventRounds "10"]
[EventCountry "CUB"]
[SourceTitle "EXT 2021"]
[Source "ChessBase"]
[SourceDate "2020.10.23"]
[SourceVersion "1"]
[SourceVersionDate "2020.10.23"]
[SourceQuality "1"]
[WhiteTeam "La Lisa"]
[BlackTeam "Villa Clara"]
[WhiteTeamCountry "CUB"]
[BlackTeamCountry "CUB"]

1. d4 Nf6 2. c4 e6 3. Nf3 b6 4. a3 Bb7 5. Nc3 Be7 6. d5 d6 7. Nd4 Bc8 8. dxe6 fxe6 9. e4 0-0 10. Be2 c5 11. Nc2 Nc6 12. 0-0 e5 13. Bg5 Nd4 14. Bxf6 Bxf6 15. Nd5 Be6 16. Nxd4 Bxd5 17. exd5 exd4 18. Bg4 Be5 19. Be6+ Kh8 20. g3 g5 21. Qd3 Qf6 22. Kg2 Qg6 23. Qxg6 hxg6 24. a4 Rab8 25. Ra3 Rb7 26. Rb3 a6 27. h4 gxh4 28. Rh1 Bf6 29. gxh4 b5 30. axb5 axb5 31. h5 g5 32. Rxb5 Rfb8 33. Rxb7 Rxb7 34. Bf5 Rxb2 35. Ra1 g4 36. h6 Rb8 37. Bxg4 Bg5 38. Bf5 Rd8 39. h7 Rb8 40. Ra7 1-0

[Event "Agosto de Victorias tt"]
[Site "Mayabeque"]
[Date "2018.08.05"]
[Round "4.1"]
[White "Hernandez Copin, Elvis"]
[Black "Yanes Canizares, Alejandro"]
[Result "0-1"]
[WhiteElo "2246"]
[BlackElo "2283"]
[PlyCount "50"]
[EventDate "2018.08.04"]
[EventType "team-tourn"]
[EventRounds "10"]
[EventCountry "CUB"]
[SourceTitle "EXT 2021"]
[Source "ChessBase"]
[SourceDate "2020.10.23"]
[SourceVersion "1"]
[SourceVersionDate "2020.10.23"]
[SourceQuality "1"]
[WhiteTeam "Villa Clara"]
[BlackTeam "La Lisa"]
[WhiteTeamCountry "CUB"]
[BlackTeamCountry "CUB"]

1. e4 c6 2. d4 d5 3. e5 Bf5 4. Nf3 e6 5. Be2 Nd7 6. 0-0 h6 7. Nbd2 Ne7 8. Nb3 g5 9. a4 Bg7 10. c4 dxc4 11. Bxc4 a5 12. Re1 0-0 13. Nfd2 Nd5 14. Ne4 f6 15. exf6 N7xf6 16. Nec5 b5 17. axb5 cxb5 18. Bxb5 Ng4 19. Bd7 Qc7 20. g3 Nxf2 21. Qe2 Nh3+ 22. Kg2 Kh8 23. Bxe6 Qc6 24. Qf3 Bxe6 25. Rxe6 Ne3+ 0-1

[Event "Agosto de Victorias tt"]
[Site "Mayabeque"]
[Date "2018.08.04"]
[Round "2.1"]
[White "Hernandez Copin, Elvis"]
[Black "Vega Chirino, Lemay"]
[Result "1-0"]
[WhiteElo "2246"]
[BlackElo "2311"]
[PlyCount "113"]
[EventDate "2018.08.04"]
[EventType "team-tourn"]
[EventRounds "10"]
[EventCountry "CUB"]
[SourceTitle "EXT 2021"]
[Source "ChessBase"]
[SourceDate "2020.10.23"]
[SourceVersion "1"]
[SourceVersionDate "2020.10.23"]
[SourceQuality "1"]
[WhiteTeam "Villa Clara"]
[BlackTeam "Matanzas"]
[WhiteTeamCountry "CUB"]
[BlackTeamCountry "CUB"]

1. e4 c5 2. Nf3 Nc6 3. d4 cxd4 4. Nxd4 Nf6 5. Nc3 e5 6. Ndb5 d6 7. Bg5 a6 8. Na3 b5 9. Nd5 Be7 10. Bxf6 Bxf6 11. c4 b4 12. Nc2 a5 13. Be2 0-0 14. 0-0 Bg5 15. Qd3 Be6 16. Rad1 Rb8 17. Bf3 a4 18. b3 Qa5 19. Qe2 Ne7 20. Nxe7+ Bxe7 21. Bg4 axb3 22. axb3 Qc5 23. Ra1 Kh8 24. Ra6 Qc8 25. Bxe6 Qxa6 26. Ra1 Qb6 27. Bd5 Bg5 28. Ra4 Qc5 29. Kf1 f5 30. exf5 Rxf5 31. Nxb4 Qb6 32. Be4 Rff8 33. f3 Qe3 34. Qxe3 Bxe3 35. Bc2 Bd2 36. Na6 Rb6 37. Ke2 Bg5 38. Nc7 Rbb8 39. Ne6 Bc1 40. Nxf8 Rxf8 41. Kd3 g6 42. Ra6 Rd8 43. Ke4 Bd2 44. Kd5 Bb4 45. Rb6 Bc5 46. Rb7 Bg1 47. h4 Ra8 48. g4 Rf8 49. Be4 Kg8 50. Kxd6 Rd8+ 51. Kxe5 Bh2+ 52. Ke6 Rd6+ 53. Ke7 Kg7 54. g5 h5 55. c5 Rd1 56. Ke6+ Kh8 57. Kf6 1-0

[Event "Villa Roja de Artemisa tt"]
[Site "Artemisa"]
[Date "2018.06.23"]
[Round "8.2"]
[White "Vargas Rodriguez, Wilver"]
[Black "Hernandez Copin, Elvis"]
[Result "0-1"]
[WhiteElo "2249"]
[BlackElo "2219"]
[PlyCount "50"]
[EventDate "2018.06.20"]
[EventType "team-tourn"]
[EventRounds "9"]
[EventCountry "CUB"]
[SourceTitle "EXT 2021"]
[Source "ChessBase"]
[SourceDate "2020.10.23"]
[SourceVersion "1"]
[SourceVersionDate "2020.10.23"]
[SourceQuality "1"]

1. d4 Nf6 2. c4 e6 3. Nf3 c5 4. e3 d5 5. cxd5 exd5 6. dxc5 Bxc5 7. Nc3 0-0 8. Be2 Nc6 9. 0-0 Be6 10. a3 Ne4 11. Na4 Bd6 12. b4 Qf6 13. Bb2 Qh6 14. Nc3 Rfd8 15. Nb5 Bb8 16. Nbd4 Bg4 17. g3 Ne7 18. Nh4 Bh3 19. Re1 f5 20. f4 Rd6 21. Rc1 Qxh4 22. gxh4 Rg6+ 23. Bg4 Bxg4 24. Qc2 Be2+ 25. Kh1 Nf2# 0-1

[Event "Villa Roja de Artemisa tt"]
[Site "Artemisa"]
[Date "2018.06.20"]
[Round "2.2"]
[White "Vargas Rodriguez, Wilver"]
[Black "Hernandez Copin, Elvis"]
[Result "1-0"]
[WhiteElo "2249"]
[BlackElo "2219"]
[PlyCount "71"]
[EventDate "2018.06.20"]
[EventType "team-tourn"]
[EventRounds "9"]
[EventCountry "CUB"]
[SourceTitle "EXT 2021"]
[Source "ChessBase"]
[SourceDate "2020.10.23"]
[SourceVersion "1"]
[SourceVersionDate "2020.10.23"]
[SourceQuality "1"]

1. e4 d5 2. exd5 Qxd5 3. Nc3 Qa5 4. d4 c6 5. Nf3 Bf5 6. Bc4 e6 7. Bd2 Nd7 8. Qe2 Bb4 9. a3 Ngf6 10. 0-0 Bxc3 11. Bxc3 Qc7 12. Ne5 h5 13. b4 Nd5 14. Bb2 g5 15. Rac1 Nf4 16. Qe3 Nb6 17. Bb3 f6 18. Nd3 Nbd5 19. Bxd5 cxd5 20. h4 Bxd3 21. cxd3 Qe7 22. Rc5 0-0 23. Rfc1 Rad8 24. g3 Nh3+ 25. Kg2 g4 26. Qh6 Qf7 27. Rc7 Rd7 28. Rxd7 Qxd7 29. Qxh5 f5 30. Qg6+ Kh8 31. Re1 Re8 32. Bc1 Re7 33. Bg5 Nxg5 34. hxg5 Rg7 35. Qh6+ Kg8 36. Rxe6 1-0

[Event "CUB-ch U18"]
[Site "San Nicolas de Bari"]
[Date "2012.04.17"]
[Round "6"]
[White "Hernandez Copin, Elvis"]
[Black "Docampo Beltran, Dexter"]
[Result "1/2-1/2"]
[WhiteElo "2236"]
[BlackElo "2139"]
[PlyCount "80"]
[EventDate "2012.04.15"]
[EventType "swiss"]
[EventRounds "9"]
[EventCountry "CUB"]
[SourceTitle "CBM 148 Extra"]
[Source "ChessBase"]
[SourceDate "2012.06.22"]
[SourceVersion "1"]
[SourceVersionDate "2012.06.22"]
[SourceQuality "1"]

1. e4 c5 2. Nf3 d6 3. d4 cxd4 4. Nxd4 Nf6 5. Nc3 Nc6 6. Be2 e6 7. Be3 Be7 8. 0-0 0-0 9. f4 d5 10. e5 Nd7 11. Bb5 Nxd4 12. Bxd4 Bc5 13. Bxc5 Nxc5 14. Qd4 Qb6 15. Rad1 Bd7 16. Bxd7 Nxd7 17. Ne2 Rac8 18. Rd2 Nc5 19. c3 Qa6 20. Ng3 Nd7 21. Kh1 Nc5 22. Rf3 Qc4 23. Qe3 Ne4 24. Nxe4 dxe4 25. b3 Qa6 26. Rff2 Rfd8 27. c4 b5 28. c5 Qa3 29. Rxd8+ Rxd8 30. h3 Rd1+ 31. Kh2 Rc1 32. Qxe4 Qxc5 33. Qa8+ Qc8 34. Qxa7 g6 35. Qb6 Qd7 36. Qe3 Qd1 37. Qd2 Qg1+ 38. Kg3 Rd1 39. Qc3 h5 40. h4 Kg7 1/2-1/2

[Event "CUB-ch U18"]
[Site "San Nicolas de Bari"]
[Date "2012.04.16"]
[Round "4"]
[White "Hernandez Copin, Elvis"]
[Black "Fernandez Mayola, Reynold Rafael"]
[Result "0-1"]
[WhiteElo "2236"]
[BlackElo "2138"]
[PlyCount "48"]
[EventDate "2012.04.15"]
[EventType "swiss"]
[EventRounds "9"]
[EventCountry "CUB"]
[SourceTitle "CBM 148 Extra"]
[Source "ChessBase"]
[SourceDate "2012.06.22"]
[SourceVersion "1"]
[SourceVersionDate "2012.06.22"]
[SourceQuality "1"]

1. e4 c5 2. Nf3 e6 3. d4 cxd4 4. Nxd4 a6 5. c4 Nf6 6. Nc3 Qc7 7. Be3 Bb4 8. Bd3 Bxc3+ 9. bxc3 d5 10. exd5 exd5 11. Qb3 dxc4 12. Bxc4 0-0 13. 0-0 Ng4 14. g3 Nxe3 15. fxe3 Bh3 16. Rf4 Nc6 17. Bd5 Ne5 18. Rc1 Nd3 19. Rh4 Nxc1 20. Qc2 h6 21. Rxh3 Qe5 22. Bg2 Qxe3+ 23. Qf2 Qxf2+ 24. Kxf2 Rab8 0-1

[Event "San Sebastian Primavera de Gros 7th op"]
[Site "San Sebastian"]
[Date "2011.06.11"]
[Round "6.1"]
[White "Hernandez Copin, Elvis"]
[Black "Argandona Riveiro, Inigo"]
[Result "1/2-1/2"]
[WhiteElo "2287"]
[BlackElo "2373"]
[PlyCount "113"]
[EventDate "2011.05.07"]
[EventType "swiss"]
[EventRounds "7"]
[EventCountry "ESP"]
[SourceTitle "EXT 2024"]
[Source "ChessBase"]
[SourceDate "2023.10.10"]
[SourceVersion "1"]
[SourceVersionDate "2023.10.10"]
[SourceQuality "1"]

1. e4 c5 2. Nf3 Nc6 3. c3 Qa5 4. Na3 e6 5. Nc4 Qc7 6. a4 d5 7. exd5 exd5 8. Ne3 Nf6 9. d4 c4 10. b3 cxb3 11. Qxb3 Be6 12. Rb1 Rb8 13. Bd3 Bd6 14. 0-0 0-0 15. Ba3 Rfc8 16. Bxd6 Qxd6 17. Rfc1 Rc7 18. Bb5 Rbc8 19. Bxc6 Qxc6 20. Qb4 Ne4 21. Ne5 Qa6 22. c4 f6 23. Nf3 dxc4 24. d5 Bd7 25. Nd4 Qd6 26. Qe1 Qe5 27. Nb5 Bxb5 28. Rxb5 Nd6 29. Rb4 f5 30. Qd2 f4 31. Nd1 Ne4 32. Qb2 Qxd5 33. Nc3 Nxc3 34. Qxc3 a6 35. Rb6 Rf8 36. h3 f3 37. g3 Qh5 38. Kh2 Qc5 39. Rb2 Rf6 40. Re1 Qc6 41. Re3 Rcf7 42. a5 Qc8 43. Re4 Rh6 44. h4 Rc6 45. Rb4 h6 46. Rbxc4 Rxc4 47. Rxc4 Qf5 48. Rf4 Qd5 49. Rd4 Qb5 50. Rd8+ Kh7 51. Qc8 Qf5 52. Rh8+ Kg6 53. Qe8 Qc2 54. Qe6+ Rf6 55. Qg4+ Kf7 56. Qd7+ Kg6 57. Qg4+ 1/2-1/2

[Event "San Sebastian Primavera de Gros 7th op"]
[Site "San Sebastian"]
[Date "2011.05.21"]
[Round "3.2"]
[White "Garay Lenne, Luis Maria"]
[Black "Hernandez Copin, Elvis"]
[Result "0-1"]
[WhiteElo "1983"]
[BlackElo "2287"]
[PlyCount "60"]
[EventDate "2011.05.07"]
[EventType "swiss"]
[EventRounds "7"]
[EventCountry "ESP"]
[SourceTitle "EXT 2024"]
[Source "ChessBase"]
[SourceDate "2023.10.10"]
[SourceVersion "1"]
[SourceVersionDate "2023.10.10"]
[SourceQuality "1"]

1. e4 e6 2. d4 d5 3. Nd2 c5 4. Ngf3 cxd4 5. exd5 Qxd5 6. Bc4 Qd6 7. 0-0 Nf6 8. Nb3 Nc6 9. Nbxd4 Nxd4 10. Qxd4 Qxd4 11. Nxd4 Bd7 12. h3 Rc8 13. Bb3 Bc5 14. Be3 0-0 15. c4 e5 16. Nc2 Be6 17. Bxc5 Rxc5 18. Ne3 Rfc8 19. Rad1 Kf8 20. Rfe1 Ke7 21. f4 exf4 22. Nd5+ Kf8 23. Nxf6 gxf6 24. Rd4 f3 25. Rf1 fxg2 26. Rxf6 Bxh3 27. Rh4 Re8 28. Rxh3 Rg5 29. Rhf3 Re1+ 30. Rf1 gxf1Q+ 0-1

[Event "Capablanca Memorial op-B 45th"]
[Site "Havana"]
[Date "2011.05.13"]
[Round "3"]
[White "Perez de Leon, Roberto"]
[Black "Hernandez Copin, Elvis"]
[Result "0-1"]
[WhiteElo "2096"]
[BlackElo "2244"]
[PlyCount "66"]
[EventDate "2011.05.11"]
[EventType "swiss"]
[EventRounds "7"]
[EventCountry "CUB"]
[SourceTitle "CBM 142 Extra"]
[Source "ChessBase"]
[SourceDate "2011.06.27"]
[SourceVersion "1"]
[SourceVersionDate "2011.06.27"]
[SourceQuality "1"]

1. Nf3 Nf6 2. g3 c5 3. Bg2 d5 4. d3 Nc6 5. Nbd2 e6 6. e4 Be7 7. 0-0 0-0 8. Re1 Qc7 9. e5 Nd7 10. Qe2 b5 11. h4 a5 12. Nf1 c4 13. Bf4 Ba6 14. Ne3 Nc5 15. h5 Rad8 16. Ng4 b4 17. Rad1 b3 18. axb3 cxd3 19. cxd3 Nb4 20. Nf6+ Kh8 21. Ng5 gxf6 22. exf6 Bd6 23. Qg4 Rg8 24. Bxd6 Rxd6 25. d4 Ncd3 26. h6 Nxe1 27. Rc1 Rc6 28. Rxe1 Rc1 29. Qh5 Rxe1+ 30. Kh2 Rg6 31. Nf3 Be2 32. Qh4 Bxf3 33. Bxf3 Qc1 0-1

[Event "Capablanca Memorial op-B 45th"]
[Site "Havana"]
[Date "2011.05.12"]
[Round "2"]
[White "Hernandez Copin, Elvis"]
[Black "Marzo Arias, Valentin"]
[Result "1/2-1/2"]
[WhiteElo "2244"]
[BlackElo "2183"]
[PlyCount "61"]
[EventDate "2011.05.11"]
[EventType "swiss"]
[EventRounds "7"]
[EventCountry "CUB"]
[SourceTitle "CBM 142 Extra"]
[Source "ChessBase"]
[SourceDate "2011.06.27"]
[SourceVersion "1"]
[SourceVersionDate "2011.06.27"]
[SourceQuality "1"]

1. e4 d5 2. exd5 Qxd5 3. Nc3 Qd6 4. d4 Nf6 5. Bc4 a6 6. Bb3 Bg4 7. f3 Bf5 8. Nge2 Nc6 9. Be3 e6 10. Qd2 0-0-0 11. a3 Be7 12. 0-0-0 h6 13. Ng3 Bg6 14. Nge4 Qd7 15. Qf2 Nd5 16. Ne2 Na5 17. Ba2 Qc6 18. Nf4 Bh7 19. Nd3 f6 20. Rhe1 Nc4 21. Bd2 Ndb6 22. Bb4 Rhe8 23. Bxe7 Rxe7 24. Nb4 Qb5 25. Nd2 a5 26. Nxc4 Nxc4 27. Qe2 Qg5+ 28. Kb1 Nxa3+ 29. bxa3 axb4 30. Bxe6+ Kb8 31. axb4 1/2-1/2

[Event "Pinar del Rio Province-ch fin 1st Cat"]
[Site "Pinar del Rio"]
[Date "2010.11.06"]
[Round "10"]
[White "Hernandez Copin, Elvis"]
[Black "Camacho Martinez, Guillermo"]
[Result "1-0"]
[WhiteElo "1999"]
[BlackElo "2339"]
[PlyCount "145"]
[EventDate "2010.10.27"]
[EventType "tourn"]
[EventRounds "11"]
[EventCountry "CUB"]
[SourceTitle "EXT 2019"]
[Source "ChessBase"]
[SourceDate "2018.10.10"]
[SourceVersion "1"]
[SourceVersionDate "2018.10.10"]
[SourceQuality "1"]

1. e4 e6 2. d4 d5 3. exd5 exd5 4. Nf3 Nf6 5. Be2 Be7 6. 0-0 0-0 7. Re1 Bf5 8. Bf4 Nbd7 9. Nbd2 c6 10. Ne5 Nxe5 11. dxe5 Ne8 12. Nb3 Nc7 13. Bd3 Qd7 14. Re3 c5 15. c4 d4 16. Rg3 Bg6 17. Bd2 Qe6 18. Qe2 Bxd3 19. Qxd3 Qxe5 20. Re1 Qd6 21. Qf3 Rfe8 22. Qxb7 Qb6 23. Qf3 Bf8 24. Rxe8 Rxe8 25. h4 Ne6 26. Qf5 Bd6 27. Rf3 Qc7 28. Nc1 g6 29. Qd3 Qe7 30. g3 Nd8 31. Bg5 Qe1+ 32. Kg2 Nc6 33. Bd2 Qe6 34. Bf4 Bxf4 35. Rxf4 Ne5 36. Qe2 Nxc4 37. Qxe6 Rxe6 38. Nd3 Rd6 39. Kf1 Rd5 40. Rf6 Nb6 41. b3 c4 42. bxc4 Nxc4 43. Ra6 Rd7 44. Ke2 Nb6 45. Nf4 Kf8 46. Kd3 Ke7 47. Ne2 Kd6 48. Ra5 Kc6 49. Nxd4+ Kb7 50. Ke4 a6 51. Nb3 Nc4 52. Nc5+ Kb6 53. Nxd7+ Kxa5 54. Ne5 Nxe5 55. Kxe5 Ka4 56. Kf6 Ka3 57. Kxf7 Kxa2 58. g4 a5 59. Kg8 a4 60. f4 a3 61. f5 gxf5 62. gxf5 Kb3 63. f6 a2 64. f7 a1Q 65. f8Q Qe5 66. Qf7+ Ka4 67. h5 h6 68. Kh7 Qg5 69. Qg6 Qf4 70. Kg7 Ka3 71. Qxh6 Qe5+ 72. Kg8 Qd5+ 73. Kf8 1-0

[Event "Pinar del Rio Province-ch fin 1st Cat"]
[Site "Pinar del Rio"]
[Date "2010.11.02"]
[Round "6"]
[White "Hernandez Gonzalez, William"]
[Black "Hernandez Copin, Elvis"]
[Result "1-0"]
[WhiteElo "2023"]
[BlackElo "1999"]
[PlyCount "65"]
[EventDate "2010.10.27"]
[EventType "tourn"]
[EventRounds "11"]
[EventCountry "CUB"]
[SourceTitle "EXT 2019"]
[Source "ChessBase"]
[SourceDate "2018.10.10"]
[SourceVersion "1"]
[SourceVersionDate "2018.10.10"]
[SourceQuality "1"]

1. e4 e6 2. d3 d5 3. Nd2 c5 4. Ngf3 Nc6 5. g3 g6 6. Bg2 Bg7 7. 0-0 Nge7 8. Re1 0-0 9. c3 b6 10. e5 Qc7 11. Qe2 Ba6 12. Nf1 Rab8 13. Bf4 Rfd8 14. h4 d4 15. c4 b5 16. b3 bxc4 17. bxc4 Qb6 18. N1d2 h5 19. Ne4 Nf5 20. Qd2 Qb4 21. Qc1 Rdc8 22. Bh3 Rb6 23. a3 Qb2 24. Qxb2 Rxb2 25. Bxf5 gxf5 26. Nxc5 Nxe5 27. Rxe5 Bxe5 28. Bxe5 Rxc5 29. Bxd4 Rb3 30. Bxc5 Rxd3 31. Ne5 Rc3 32. Bd4 Rc2 33. c5 1-0

[Event "Pinar del Rio Province-ch fin 1st Cat"]
[Site "Pinar del Rio"]
[Date "2010.10.28"]
[Round "2"]
[White "Diaz Perez, Jose David"]
[Black "Hernandez Copin, Elvis"]
[Result "0-1"]
[WhiteElo "2197"]
[BlackElo "1999"]
[PlyCount "106"]
[EventDate "2010.10.27"]
[EventType "tourn"]
[EventRounds "11"]
[EventCountry "CUB"]
[SourceTitle "EXT 2019"]
[Source "ChessBase"]
[SourceDate "2018.10.10"]
[SourceVersion "1"]
[SourceVersionDate "2018.10.10"]
[SourceQuality "1"]

1. d4 Nf6 2. Nf3 g6 3. Bg5 Bg7 4. Nbd2 d5 5. e3 0-0 6. Bd3 c5 7. c3 Nc6 8. 0-0 Bg4 9. h3 Be6 10. dxc5 Nd7 11. Nd4 Nxc5 12. Nxe6 Nxe6 13. Bh4 Qb6 14. Qb3 Nc5 15. Qxb6 axb6 16. Bb5 Rfe8 17. Rfd1 e6 18. Bg3 Rec8 19. Kf1 Na7 20. Be2 b5 21. a3 Na4 22. Rab1 Nb6 23. Nf3 Nc4 24. Nd4 Rd8 25. Bf3 Rac8 26. Nb3 f5 27. Nd4 Kf7 28. Be2 Rd7 29. Nf3 h6 30. h4 Nc6 31. Nd4 Na7 32. Ke1 e5 33. Nf3 Ke6 34. Nd2 Nc6 35. Nxc4 bxc4 36. e4 Ne7 37. exd5+ Nxd5 38. Rd2 h5 39. Bf3 e4 40. Be2 Bf6 41. a4 f4 42. Bh2 e3 43. fxe3 Bxh4+ 44. g3 fxg3 45. Bg1 g2+ 46. Kd1 Bg5 47. Bf3 Nxe3+ 48. Ke2 Rxd2+ 49. Kxd2 Nf5+ 50. Ke2 Rd8 51. Bxb7 Rd2+ 52. Ke1 h4 53. a5 Be3 0-1

[Event "Pinar del Rio Province-ch sf 1st Cat"]
[Site "Pinar del Rio"]
[Date "2010.10.21"]
[Round "6"]
[White "Hernandez Copin, Elvis"]
[Black "Valdes Vento, Yosley"]
[Result "0-1"]
[WhiteElo "1999"]
[BlackElo "1968"]
[PlyCount "40"]
[EventDate "2010.10.01"]
[EventType "swiss"]
[EventRounds "9"]
[EventCountry "CUB"]
[SourceTitle "EXT 2019"]
[Source "ChessBase"]
[SourceDate "2018.10.10"]
[SourceVersion "1"]
[SourceVersionDate "2018.10.10"]
[SourceQuality "1"]

1. e4 e5 2. Nf3 Nc6 3. Bc4 Bc5 4. c3 Nf6 5. d3 d6 6. Bb3 h6 7. Nbd2 0-0 8. 0-0 a5 9. h3 Be6 10. Bc2 Qd7 11. Qe2 Nh5 12. Re1 Nf4 13. Qf1 Nxh3+ 14. Kh2 Nxf2 15. d4 Ng4+ 16. Kg3 exd4 17. Nb3 Bxb3 18. axb3 d3 19. Qxd3 Bf2+ 20. Kf4 g5+ 0-1